BUBT Library Online Catalog

Bangabandhu 7th March and Bangladesh/ (Record no. 6943)

000 -LEADER
fixed length control field 00776nam a22002177a 4500
003 - CONTROL NUMBER IDENTIFIER
control field BUBTL
008 - FIXED-LENGTH DATA ELEMENTS--GENERAL INFORMATION
fixed length control field 230201b ||||| |||| 00| 0 eng d
020 ## - INTERNATIONAL STANDARD BOOK NUMBER
International Standard Book Number 9789849291350
082 ## - DEWEY DECIMAL CLASSIFICATION NUMBER
Classification number 954.92/ M3111b/ 2017
100 ## - MAIN ENTRY--PERSONAL NAME
9 (RLIN) 5185
Personal name Mamoon, Muntassir
245 ## - TITLE STATEMENT
Title Bangabandhu 7th March and Bangladesh/
Statement of responsibility, etc. Muntassir Mamoon
250 ## - EDITION STATEMENT
Edition statement 1st Edn.
260 ## - PUBLICATION, DISTRIBUTION, ETC. (IMPRINT)
Place of publication, distribution, etc. Dhaka:
Name of publisher, distributor, etc. Journeyman Books,
Date of publication, distribution, etc. c2017
300 ## - PHYSICAL DESCRIPTION
Extent 112 p.:
Other physical details ills.;
Dimensions 18.5 cm.
505 ## - FORMATTED CONTENTS NOTE
Formatted contents note 1971, Liberation War, Muntassir Mamoon, মুক্তিযুদ্ধ, Bangabandhu 7th March and Bangladesh, Bangabandhu, 7th March, Bangladesh
650 #0 - SUBJECT ADDED ENTRY--TOPICAL TERM
9 (RLIN) 4372
Topical term or geographic name as entry element Bangabandhu
650 #0 - SUBJECT ADDED ENTRY--TOPICAL TERM
9 (RLIN) 3573
Topical term or geographic name as entry element বঙ্গবন্ধু
856 ## - ELECTRONIC LOCATION AND ACCESS
Password 0
Logon 0
Link text Download
942 ## - ADDED ENTRY ELEMENTS (KOHA)
Source of classification or shelving scheme
Koha item type Books
Holdings
Withdrawn status Lost status Source of classification or shelving scheme Damaged status Not for loan Collection code Permanent location Current location Shelving location Date acquired Source of acquisition Inventory number Total Checkouts Full call number Barcode Date last seen Copy number Price effective from Koha item type
          Non-fiction Bangladesh University of Business and Technology Library Bangladesh University of Business and Technology Library Historical Books 12/26/2022 Purchase 29180   954.92/ M3111b/ 2017 BUBTL-200329180 02/02/2023 C-1 02/02/2023 Books
          Non-fiction Bangladesh University of Business and Technology Library Bangladesh University of Business and Technology Library Historical Books 12/26/2022 Purchase 29181   954.92/ M3111b/ 2017 BUBTL-200329181 02/02/2023 C-2 02/02/2023 Books
          Non-fiction Bangladesh University of Business and Technology Library Bangladesh University of Business and Technology Library Historical Books 12/26/2022 Purchase 29182   954.92/ M3111b/ 2017 BUBTL-200329182 02/02/2023 C-3 02/02/2023 Books
          Non-fiction Bangladesh University of Business and Technology Library Bangladesh University of Business and Technology Library Historical Books 12/26/2022 Purchase 29183   954.92/ M3111b/ 2017 BUBTL-200329183 02/02/2023 C-4 02/02/2023 Books
          Non-fiction Bangladesh University of Business and Technology Library Bangladesh University of Business and Technology Library Historical Books 12/26/2022 Purchase 29184   954.92/ M3111b/ 2017 BUBTL-200329184 02/02/2023 C-5 02/02/2023 Books

More Information About Library

Library Hours

  • Open: 9.00 am. to 9.00 pm.
  • Only Sunday: 9.00 am. to 6.00 pm.
  • Closed: Holiday

Contact to the University

Bangladesh University of Business and Technology Library

  • Mirpurl-2, 1216.
  • Phone:
  • Fax:
  • E-Mail: admin.library@bubt.edu.bd

Contact to the Library

Contact Person:

Md. Abdul Hakim Shah
Joint Librarian
PABX No:  113
Cell No: 01816332931
E-mail: official: admin.library@bubt.edu.bd
Personal: hakim.shah@bubt.edu.bd


BUBT Library

Copyright © 2021